Macroeconomics
Enregistré dans:
| Auteur principal: | |
|---|---|
| Format: | Livre |
| Langue: | anglais |
| Publié: |
Chicago
The Dryden Press
1983
|
| Sujets: | |
| Tags: |
Ajouter un tag
Pas de tags, Soyez le premier à ajouter un tag!
|
MARC
| LEADER | 00000nam a2200000 a 4500 | ||
|---|---|---|---|
| 001 | UCT7532 | ||
| 003 | CL-VaPUC | ||
| 008 | 970123e19830000US |||||||||||||||||eng|d | ||
| 082 | 0 | 4 | |a 339 |b MOR |2 21 |
| 100 | |a Morley, Samuel A. |e author |9 378534 | ||
| 245 | 1 | 0 | |a Macroeconomics |
| 300 | |a 572 p | ||
| 942 | |c BK | ||
| 945 | |d 19970123 00:00:00 |a rbrito | ||
| 260 | |a Chicago |b The Dryden Press |c 1983 | ||
| 650 | 0 | |a Macroeconomía |9 260301 | |
| 650 | 0 | |a Inflación |9 257218 | |
| 650 | 7 | |a DEMANDA |2 CL-VaPUC |9 255172 | |
| 650 | 0 | |a Precios |9 260787 | |
| 650 | 0 | |a Economía |9 255568 | |
| 650 | 0 | |a Dinero |9 314331 | |
| 650 | 7 | |a INTERESES |2 CL-VaPUC |9 358017 | |
| 650 | 0 | |a Política fiscal |9 317354 | |
| 650 | 0 | |a Empleo |9 339124 | |
| 650 | 0 | |a Consumo |9 333893 | |
| 650 | 0 | |a Política monetaria |9 258279 | |
| 650 | 0 | |a Producción |9 263680 | |
| 583 | |a last modification |c 19970123 00:00:00 |k Rodrigo Vera | ||
| 999 | |c 256129 |d 256127 | ||
| 952 | |0 0 |1 0 |4 0 |6 339_000000000000000_MOR_1983 |7 0 |8 A |9 278702 |a BIBGIM |b BIBGIM |d 2019-11-19 |i 3277674 |o 339 MOR 1983 |p 3277674 |r 2025-01-15 |w 2019-11-19 |y BK |k COM | ||